[Event "South FR-ch"]
[Site "Maikop"]
[Date "2018.03.30"]
[Round "7"]
[White "Ermolov, Vasily"]
[Black "Shevchenko, Ivan"]
[Result "0-1"]
[WhiteElo "2005"]
[BlackElo "2055"]
[PlyCount "64"]
[EventDate "2018.03.24"]
[EventType "swiss"]
[EventRounds "9"]
[EventCountry "RUS"]
[SourceTitle "EXT 2019"]
[Source "ChessBase"]
[SourceDate "2018.10.10"]
[SourceVersion "1"]
[SourceVersionDate "2018.10.10"]
[SourceQuality "1"]

1. e4 e6 2. d4 d5 3. Nc3 Bb4 4. exd5 exd5 5. Qf3 Qe7+ 6. Nge2 Nf6 7. Bg5 Bxc3+ 8. Qxc3 Nc6 9. 0-0-0 Be6 10. Qb3 0-0 11. Nc3 a5 12. Bb5 Na7 13. Rhe1 c6 14. Bf1 b5 15. Ne2 a4 16. Qf3 Nc8 17. Bxf6 gxf6 18. Ng3 f5 19. h4 Qxh4 20. Nh5 Qg5+ 21. Kb1 Nd6 22. Qe2 Ne4 23. f4 Qg4 24. Qe3 Qxh5 25. g4 fxg4 26. Bd3 f5 27. Rh1 Qg6 28. Rdg1 a3 29. Rh4 axb2 30. Rgh1 Ra7 31. Rh6 Qxh6 32. Rxh6 Nc3+ 0-1

[Event "Kaluga Tsiolkovsky Memorial op"]
[Site "Kaluga"]
[Date "2016.08.09"]
[Round "4"]
[White "Shevchenko, Ivan"]
[Black "Dichev, Vasily"]
[Result "1-0"]
[WhiteElo "2057"]
[BlackElo "1893"]
[PlyCount "91"]
[EventDate "2016.08.06"]
[EventType "swiss"]
[EventRounds "9"]
[EventCountry "RUS"]
[SourceTitle "CBM 174 Extra"]
[Source "ChessBase"]
[SourceDate "2016.10.10"]
[SourceVersion "1"]
[SourceVersionDate "2016.10.10"]
[SourceQuality "1"]

1. e4 c5 2. Nf3 e6 3. d4 cxd4 4. Nxd4 Nf6 5. Nc3 d6 6. Be2 Be7 7. 0-0 0-0 8. Be3 a6 9. f4 Nc6 10. a4 Nxd4 11. Qxd4 Qc7 12. Kh1 e5 13. Qd2 Be6 14. f5 Bc4 15. a5 Qc6 16. Rf2 Nxe4 17. Nxe4 Qxe4 18. Ra4 d5 19. Bf3 Qxf5 20. Bxd5 Qg6 21. Bxc4 Rad8 22. Qe2 Kh8 23. Bb6 Rd7 24. Bd3 Qc6 25. Rc4 Qe6 26. Bf5 Rd1+ 27. Qxd1 Qxc4 28. Qd3 Qh4 29. Qh3 g6 30. Qxh4 Bxh4 31. g3 gxf5 32. gxh4 f4 33. Rd2 e4 34. Rd8 Rxd8 35. Bxd8 f3 36. Bf6+ Kg8 37. h5 Kf8 38. Kg1 Ke8 39. Kf2 Kd7 40. b4 Ke6 41. Bg7 Kf5 42. c4 Kg4 43. b5 f5 44. c5 f4 45. Bd4 Kf5 46. c6 1-0

[Event "Dvorkovich Memorial op"]
[Site "Taganrog"]
[Date "2016.01.24"]
[Round "7.27"]
[White "Shevchenko, Ivan"]
[Black "Konaplev, Anton"]
[Result "0-1"]
[WhiteElo "2036"]
[BlackElo "2272"]
[PlyCount "110"]
[EventDate "2016.01.18"]
[EventType "swiss"]
[EventRounds "9"]
[EventCountry "RUS"]
[SourceTitle "EXT 2018"]
[Source "ChessBase"]
[SourceDate "2017.10.13"]
[SourceVersion "1"]
[SourceVersionDate "2017.10.13"]
[SourceQuality "1"]

1. e4 e6 2. d4 d5 3. Nd2 c5 4. exd5 exd5 5. Bb5+ Bd7 6. Qe2+ Be7 7. dxc5 Nf6 8. Nb3 0-0 9. Be3 Re8 10. 0-0-0 a6 11. Bxd7 Nbxd7 12. Nf3 a5 13. Nbd4 Nxc5 14. Nf5 Bf8 15. Qb5 Qc7 16. g3 Nce4 17. Bd4 a4 18. Bxf6 Nxf6 19. Ne3 a3 20. Nxd5 Nxd5 21. Rxd5 axb2+ 22. Kb1 g6 23. Rd7 Qc3 24. Qd5 Qf6 25. Ng5 Re5 26. Qxf7+ Qxf7 27. Nxf7 Rea5 28. Kxb2 Rxa2+ 29. Kc3 Rc8+ 30. Kd3 Rcxc2 31. Rxb7 Rd2+ 32. Ke4 Re2+ 33. Kd3 Rxf2 34. Ng5 h6 35. Ne6 Rfd2+ 36. Ke4 Re2+ 37. Kd5 Ra5+ 38. Kc4 Rxe6 39. Rf1 Rc5+ 40. Kd4 Rd6+ 41. Ke4 Rc8 42. Rff7 Re8+ 43. Kf3 Ree6 44. Kg2 Rd2+ 45. Rf2 Ree2 46. Rxe2 Rxe2+ 47. Kh3 Bc5 48. Rb1 Kg7 49. Rf1 h5 50. Rc1 Be3 51. Rd1 Kh6 52. Rf1 g5 53. g4 Bf4 54. gxh5 Kxh5 55. Rxf4 Re3+ 0-1

[Event "Dvorkovich Memorial op"]
[Site "Taganrog"]
[Date "2016.01.23"]
[Round "6.24"]
[White "Najdin, Danil"]
[Black "Shevchenko, Ivan"]
[Result "1-0"]
[WhiteElo "2336"]
[BlackElo "2036"]
[PlyCount "73"]
[EventDate "2016.01.18"]
[EventType "swiss"]
[EventRounds "9"]
[EventCountry "RUS"]
[SourceTitle "EXT 2018"]
[Source "ChessBase"]
[SourceDate "2017.10.13"]
[SourceVersion "1"]
[SourceVersionDate "2017.10.13"]
[SourceQuality "1"]

1. e4 Nf6 2. e5 Nd5 3. d4 d6 4. c4 Nb6 5. exd6 cxd6 6. Nc3 g6 7. Be3 Bg7 8. b3 0-0 9. Rc1 e5 10. dxe5 dxe5 11. Qxd8 Rxd8 12. c5 N6d7 13. Bc4 Nc6 14. Nf3 Na5 15. Be2 Nf8 16. 0-0 Ne6 17. Rfd1 Nc6 18. Rxd8+ Nexd8 19. Nb5 Bf5 20. Bc4 Be6 21. Nc7 Rc8 22. Nxe6 Nxe6 23. Bxe6 fxe6 24. Ng5 Nd4 25. Bxd4 exd4 26. Nxe6 Bh6 27. Rb1 d3 28. f4 Re8 29. Ng5 Re2 30. Rd1 Bxg5 31. fxg5 Rxa2 32. Rxd3 Re2 33. Rd7 Re5 34. b4 a5 35. Rxb7 axb4 36. c6 Rc5 37. c7 1-0

[Event "Dvorkovich Memorial op"]
[Site "Taganrog"]
[Date "2016.01.20"]
[Round "3.19"]
[White "Shevchenko, Ivan"]
[Black "Rozhko, Dmitry"]
[Result "1-0"]
[WhiteElo "2036"]
[BlackElo "2313"]
[PlyCount "51"]
[EventDate "2016.01.18"]
[EventType "swiss"]
[EventRounds "9"]
[EventCountry "RUS"]
[SourceTitle "EXT 2018"]
[Source "ChessBase"]
[SourceDate "2017.10.13"]
[SourceVersion "1"]
[SourceVersionDate "2017.10.13"]
[SourceQuality "1"]

1. e4 d5 2. exd5 Qxd5 3. Nc3 Qd6 4. d4 Nf6 5. Bg5 a6 6. Qd2 e5 7. 0-0-0 exd4 8. Qxd4 Qxd4 9. Rxd4 Be7 10. Bc4 Bf5 11. Nf3 Nc6 12. Rf4 Bg6 13. Bxf6 Bxf6 14. Re1+ Kf8 15. Nd5 Bd8 16. h4 b5 17. Bb3 h6 18. g4 f6 19. g5 hxg5 20. hxg5 Na5 21. gxf6 Nxb3+ 22. axb3 gxf6 23. Nxf6 Kg7 24. Nd5 Rf8 25. Rg1 c6 26. Ne5 1-0

[Event "Aktyubinsk Mayor's Cup"]
[Site "Aktyubinsk"]
[Date "2015.01.06"]
[Round "6"]
[White "Shevchenko, Ivan"]
[Black "Nesytov, Artyom"]
[Result "1/2-1/2"]
[WhiteElo "2052"]
[BlackElo "1863"]
[PlyCount "69"]
[EventDate "2015.01.03"]
[EventType "tourn"]
[EventRounds "11"]
[EventCountry "RUS"]
[SourceTitle "CBM 164 Extra"]
[Source "ChessBase"]
[SourceDate "2015.03.02"]
[SourceVersion "1"]
[SourceVersionDate "2015.03.02"]
[SourceQuality "1"]

1. e4 c5 2. Nf3 Nc6 3. d4 cxd4 4. Nxd4 Nf6 5. Nc3 e5 6. Ndb5 d6 7. Bg5 a6 8. Na3 b5 9. Nd5 Be7 10. Bxf6 Bxf6 11. c3 0-0 12. Nc2 Bg5 13. a4 bxa4 14. Rxa4 a5 15. Bc4 Kh8 16. 0-0 Ne7 17. b3 Bb7 18. Nxe7 Qxe7 19. Qd3 f5 20. Bd5 Bxd5 21. Qxd5 Qf7 22. Qxf7 Rxf7 23. Rd1 fxe4 24. Rxe4 Rc7 25. c4 Rb7 26. h4 Be7 27. Re3 Rab8 28. Ra1 Rxb3 29. Rxb3 Rxb3 30. Rxa5 Kg8 31. g3 Kf7 32. Ne3 Ke6 33. Kg2 Rb2 34. Kf3 Rd2 35. Ra7 1/2-1/2

[Event "Astrakhan Region-ch"]
[Site "Astrakhan"]
[Date "2013.10.11"]
[Round "7"]
[White "Shevchenko, Ivan"]
[Black "Mesnyankin, Nikita"]
[Result "1/2-1/2"]
[WhiteElo "2083"]
[BlackElo "1852"]
[PlyCount "56"]
[EventDate "2013.10.05"]
[EventType "swiss"]
[EventRounds "9"]
[EventCountry "RUS"]
[SourceTitle "EXT 2014"]
[Source "ChessBase"]
[SourceDate "2013.11.20"]
[SourceVersion "1"]
[SourceVersionDate "2013.11.20"]
[SourceQuality "1"]

1. e4 e5 2. Nf3 Nc6 3. Bc4 Nf6 4. d3 Bc5 5. Bg5 0-0 6. Nbd2 a6 7. 0-0 Ba7 8. c3 d6 9. Qe2 Be6 10. Rad1 h6 11. Be3 Re8 12. Bxe6 Rxe6 13. Bxa7 Rxa7 14. Nh4 d5 15. Nf5 Ne7 16. Nxe7+ Qxe7 17. Qf3 c6 18. Rfe1 Ra8 19. Nf1 Rd8 20. Ne3 g6 21. b3 dxe4 22. dxe4 Red6 23. Rxd6 Rxd6 24. Nc4 Rd8 25. g3 Kg7 26. Qe3 Ng4 27. Qe2 h5 28. h3 Qc5 1/2-1/2

[Event "Astrakhan Region-ch"]
[Site "Astrakhan"]
[Date "2013.10.09"]
[Round "5"]
[White "Nurmukhanov, Timur"]
[Black "Shevchenko, Ivan"]
[Result "1/2-1/2"]
[WhiteElo "2262"]
[BlackElo "2083"]
[PlyCount "72"]
[EventDate "2013.10.05"]
[EventType "swiss"]
[EventRounds "9"]
[EventCountry "RUS"]
[SourceTitle "EXT 2014"]
[Source "ChessBase"]
[SourceDate "2013.11.20"]
[SourceVersion "1"]
[SourceVersionDate "2013.11.20"]
[SourceQuality "1"]

1. e4 Nf6 2. e5 Nd5 3. d4 d6 4. f4 Nb6 5. Nf3 dxe5 6. fxe5 Bg4 7. Be3 e6 8. Nbd2 Be7 9. c4 c5 10. Ne4 cxd4 11. Qxd4 Qxd4 12. Nxd4 0-0 13. Nb5 N8d7 14. Bd4 Bh4+ 15. Nf2 Bxf2+ 16. Kxf2 f6 17. exf6 Nxf6 18. Ke3 e5 19. Bc3 Be6 20. b3 Ng4+ 21. Ke2 Nf2 22. Rg1 Bg4+ 23. Ke3 Rad8 24. Be2 a6 25. Na3 Nc8 26. Rgf1 Bxe2 27. Rxf2 Rxf2 28. Kxf2 Bh5 29. Re1 Rd3 30. Re3 e4 31. Bb4 Bg6 32. Nc2 Na7 33. Rxd3 exd3 34. Ne1 Nc6 35. Bc3 d2 36. Bxd2 Bb1 1/2-1/2